000 00332nam a22001337a 4500
020 _a81-8274-192-0
082 _a158
_bWIL/O
100 _aWILSON,JERRY R.
245 _a151 QUICK IDEAS TO INSPIRE YOUR STAFF
260 _aNEW DELHI
_bMANAGEMENT UPDATE
300 _a208
650 _aPERSONALITY DEVELOPMENT
_zNEW DELHI
942 _cBK
999 _c5476
_d5476